Statistics for ALL American 50k+ Cities with Exceptions

Click here to take the quiz!

General Stats

  • This quiz has been taken 570 times
  • The average score is 203 of 495

Answer Stats

GroupCity% Correct
AlaskaAnchorage
91%
ArizonaPhoenix
91%
HawaiiHonolulu
90%
FloridaMiami
90%
GeorgiaAtlanta
89%
MassachusettsBoston
89%
TexasDallas
89%
Mississippi | TennesseeJackson
89%
CaliforniaLos Angeles
89%
New YorkNew York
89%
ColoradoDenver
88%
TexasHouston
88%
UtahSandy
88%
IllinoisChicago
87%
CaliforniaSan Francisco
87%
TexasAustin
86%
AlabamaBirmingham
86%
MichiganDetroit
86%
Kansas | MissouriKansas City
86%
NevadaLas Vegas
86%
PennsylvaniaPhiladelphia
86%
WashingtonSeattle
86%
IdahoBoise
85%
Georgia | OhioColumbus
85%
IndianaIndianapolis
85%
ArkansasLittle Rock
85%
Maine | OregonPortland
85%
UtahSalt Lake City
85%
CaliforniaSan Diego
85%
New MexicoAlbuquerque
84%
Florida | North CarolinaJacksonville
84%
TennesseeNashville
84%
OklahomaOklahoma City
84%
TexasSan Antonio
84%
MarylandBaltimore
83%
MinnesotaMinneapolis
83%
LouisianaNew Orleans
83%
FloridaOrlando
83%
Illinois | Massachusetts | Missouri | +2 othersSpringfield
83%
FloridaTampa
83%
Georgia | New York | OregonAlbany
82%
New YorkBuffalo
82%
North CarolinaCharlotte
82%
OhioCleveland
82%
TennesseeMemphis
82%
PennsylvaniaPittsburgh
82%
CaliforniaSacramento
82%
CaliforniaSan Jose
82%
ArizonaTucson
82%
TexasEl Paso
81%
North CarolinaRaleigh
81%
MissouriSt. Louis
81%
OhioCincinnati
80%
KentuckyLouisville
80%
WisconsinMilwaukee
80%
AlabamaMontgomery
80%
Rhode IslandProvidence
80%
LouisianaBaton Rouge
79%
South CarolinaCharleston
79%
ColoradoColorado Springs
79%
IowaDes Moines
79%
TexasFort Worth
79%
AlabamaMobile
79%
North CarolinaWinston-Salem
79%
NevadaReno
78%
New MexicoSanta Fe
78%
MinnesotaSt. Paul
78%
NebraskaLincoln
77%
WisconsinMadison
77%
New JerseyNewark
77%
NebraskaOmaha
77%
VirginiaRichmond
77%
Missouri | South CarolinaColumbia
76%
ConnecticutHartford
76%
OregonSalem
76%
FloridaTallahassee
76%
OklahomaTulsa
76%
WyomingCheyenne
74%
Minnesota | New YorkRochester
74%
VirginiaVirginia Beach
74%
CaliforniaFresno
73%
South DakotaSioux Falls
73%
KansasWichita
73%
ArizonaMesa
72%
North DakotaFargo
71%
CaliforniaOakland
71%
OhioDayton
70%
New JerseyJersey City
70%
GeorgiaSavannah
70%
KansasTopeka
70%
North DakotaBismarck
69%
KentuckyLexington
69%
NevadaCarson City
68%
MichiganLansing
68%
MichiganGrand Rapids
67%
MissouriSt. Peters
67%
OhioToledo
67%
New JerseyTrenton
67%
GeorgiaAugusta
66%
CaliforniaBakersfield
66%
MontanaBillings
66%
FloridaFort Lauderdale
66%
New YorkSyracuse
66%
Delaware | North CarolinaWilmington
66%
OhioAkron
65%
TexasArlington
65%
WisconsinGreen Bay
65%
TennesseeKnoxville
65%
New HampshireManchester
65%
ConnecticutNew Haven
65%
WashingtonSpokane
65%
IndianaFort Wayne
64%
FloridaSt. Petersburg
64%
Colorado | IllinoisAurora
63%
TexasCorpus Christi
63%
North CarolinaGreensboro
63%
AlabamaHuntsville
63%
ColoradoBoulder
62%
North CarolinaDurham
62%
CaliforniaAnaheim
61%
TennesseeChattanooga
61%
CaliforniaLong Beach
61%
PennsylvaniaScranton
61%
WashingtonTacoma
61%
MichiganAnn Arbor
60%
UtahProvo
60%
OregonEugene
59%
NevadaNorth Las Vegas
59%
CaliforniaRiverside
59%
New YorkYonkers
59%
MinnesotaDuluth
58%
MassachusettsWorcester
58%
TexasAmarillo
57%
ConnecticutBridgeport
57%
Arkansas | North CarolinaFayetteville
57%
IndianaGary
57%
Indiana | LouisianaLafayette
57%
VirginiaNorfolk
57%
North CarolinaConcord
56%
ArizonaFlagstaff
56%
NevadaHenderson
56%
TexasLubbock
56%
IowaCedar Rapids
55%
PennsylvaniaErie
55%
GeorgiaMacon
55%
ArizonaScottsdale
55%
LouisianaShreveport
55%
PennsylvaniaAllentown
54%
GeorgiaAthens
54%
CaliforniaSan Bernardino
54%
IowaSioux City
54%
VirginiaAlexandria
53%
MassachusettsCambridge
53%
MichiganFlint
53%
ArizonaGlendale
53%
New MexicoLas Cruces
53%
Arizona | IllinoisPeoria
52%
WashingtonVancouver
51%
TexasBrownsville
49%
WyomingCasper
49%
North Carolina | South CarolinaGreenville
49%
CaliforniaIrvine
49%
CaliforniaSanta Ana
49%
IndianaSouth Bend
49%
MontanaMissoula
48%
CaliforniaStockton
48%
ColoradoFort Collins
47%
IdahoIdaho Falls
47%
IowaIowa City
47%
TexasLaredo
47%
VirginiaNewport News
47%
ArizonaTempe
47%
ConnecticutStamford
46%
North CarolinaAsheville
45%
ArizonaChandler
45%
VirginiaChesapeake
45%
UtahOgden
45%
TexasPlano
45%
OregonBend
44%
IowaDavenport
44%
IndianaEvansville
44%
South DakotaRapid City
44%
New JerseyElizabeth
43%
FloridaGainesville
43%
OklahomaNorman
43%
KansasOverland Park
43%
IllinoisRockford
43%
Illinois | Indiana | MinnesotaBloomington
41%
TexasIrving
41%
PennsylvaniaLancaster
41%
ColoradoPueblo
41%
UtahSt. George
41%
Nebraska | WashingtonBellevue
40%
ArkansasFort Smith
40%
ArizonaGilbert
40%
MississippiGulfport
40%
MichiganKalamazoo
40%
New YorkUtica
40%
FloridaHollywood
39%
WisconsinKenosha
39%
TexasPasadena
39%
OhioYoungstown
39%
ArizonaYuma
39%
OklahomaBroken Arrow
38%
FloridaHialeah
38%
IllinoisJoliet
38%
VirginiaRoanoke
38%
Alabama | WashingtonAuburn
37%
KentuckyBowling Green
37%
CaliforniaChula Vista
37%
CaliforniaModesto
37%
IllinoisNaperville
37%
New HampshireNashua
37%
FloridaWest Palm Beach
37%
MassachusettsLowell
36%
FloridaCape Coral
35%
MontanaGreat Falls
35%
Kansas | MassachusettsLawrence
35%
IdahoNampa
35%
New JerseyPaterson
35%
FloridaPort St. Lucie
35%
TennesseeClarksville
34%
IdahoCoeur d'Alene
34%
MarylandFrederick
34%
IdahoPocatello
34%
IowaAmes
33%
MichiganDearborn
33%
Alabama | IllinoisDecatur
33%
ColoradoGrand Junction
33%
MinnesotaPlymouth
33%
PennsylvaniaReading
33%
UtahWest Valley City
33%
North CarolinaCary
32%
IllinoisChampaign
32%
WisconsinEau-Claire
32%
North DakotaGrand Forks
32%
WashingtonKent
32%
IdahoMeridian
32%
TennesseeMurfreesboro
32%
South CarolinaNorth Charleston
32%
GeorgiaRoswell
32%
WisconsinAppleton
31%
OhioCanton
31%
FloridaClearwater
31%
IllinoisEvanston
31%
CaliforniaFremont
31%
MissouriIndependence
31%
MassachusettsQuincy
31%
Rhode IslandWarwick
31%
North CarolinaBurlington
30%
New JerseyCamden
30%
VirginiaHampton
30%
ArkansasJonesboro
30%
Colorado | Ohio | WashingtonLakewood
30%
CaliforniaOxnard
30%
VirginiaPortsmouth
30%
MinnesotaSt. Cloud
30%
IowaDubuque
29%
WashingtonEverett
29%
TexasGarland
29%
LouisianaLake Charles
29%
KansasOlathe
29%
WisconsinOshkosh
29%
MichiganWarren
29%
UtahWest Jordan
29%
TexasFrisco
28%
WashingtonYakima
28%
ConnecticutBristol
27%
North CarolinaChapel Hill
27%
KansasManhattan
27%
Massachusetts | OregonMedford
27%
UtahOrem
27%
Rhode IslandPawtucket
27%
WisconsinRacine
27%
WashingtonSpokane Valley
27%
MichiganTroy
27%
WashingtonBellingham
26%
IndianaCarmel
26%
ConnecticutWaterbury
26%
MassachusettsNew Bedford
25%
New YorkNew Rochelle
25%
New YorkSchenectady
25%
New YorkWhite Plains
25%
PennsylvaniaBethlehem
24%
ConnecticutDanbury
24%
NebraskaGrand Island
24%
New JerseyHoboken
24%
MissouriJoplin
24%
VirginiaLynchburg
24%
GeorgiaMarietta
24%
ArkansasNorth Little Rock
24%
New MexicoRio Rancho
24%
NevadaSparks
24%
OregonBeaverton
23%
OregonCorvallis
23%
AlabamaDothan
23%
TennesseeFranklin
23%
ColoradoGreeley
23%
TennesseeJohnson City
23%
TexasMcKinney
23%
KentuckyOwensboro
23%
MichiganSterling Heights
23%
IndianaTerre Haute
23%
GeorgiaValdosta
23%
ColoradoCentennial
22%
Rhode IslandCranston
22%
MassachusettsFall River
22%
TexasGrand Prairie
22%
UtahLogan
22%
MassachusettsLynn
22%
TexasMesquite
22%
IndianaMuncie
22%
ConnecticutNorwalk
22%
CaliforniaFontana
21%
WisconsinLa Crosse
21%
FloridaMiami Gardens
21%
MissouriSt. Joseph
21%
VirginiaSuffolk
21%
IowaWaterloo
21%
WisconsinWaukesha
21%
GeorgiaAlpharetta
20%
ColoradoArvada
20%
IllinoisElgin
20%
ArizonaGoodyear
20%
North CarolinaHigh Point
20%
OregonHillsboro
20%
New YorkMount Vernon
20%
GeorgiaSandy Springs
20%
ColoradoWestminster
20%
OklahomaEnid
19%
OregonGresham
19%
MassachusettsNewton
19%
WashingtonRenton
19%
MarylandRockville
19%
ColoradoThornton
19%
MassachusettsBrockton
18%
ArkansasConway
18%
WashingtonFederal Way
18%
ArizonaLake Havasu City
18%
OklahomaLawton
18%
WashingtonRedmond
18%
IllinoisWaukegan
18%
FloridaCoral Springs
17%
IndianaFishers
17%
MarylandGaithersburg
17%
OhioHamilton
17%
IndianaHammond
17%
WashingtonKennewick
17%
FloridaPembroke Pines
17%
ArkansasSpringdale
17%
MissouriSt. Charles
17%
IowaWest Des Moines
17%
IndianaAnderson
16%
IowaCouncil Bluffs
16%
MissouriLee's Summit
16%
MichiganLivonia
16%
ColoradoLongmont
16%
FloridaMiramar
16%
OklahomaMoore
16%
South CarolinaMount Pleasant
16%
OhioParma
16%
FloridaPompano Beach
16%
South CarolinaRockhill
16%
ArkansasRogers
16%
IllinoisSchaumburg
16%
MassachusettsSomerville
16%
OklahomaEdmond
15%
WisconsinJanesville
15%
ColoradoLoveland
15%
FloridaPalm Bay
15%
MichiganPontiac
15%
GeorgiaWarner Robins
15%
ArizonaAvondale
14%
ArizonaBuckeye
14%
IndianaElkhart
14%
North CarolinaGastonia
14%
IndianaKokomo
14%
ConnecticutNew Britain
14%
New JerseyPassaic
14%
New JerseyUnion City
14%
MarylandBowie
13%
MinnesotaBrooklyn Park
13%
IllinoisCicero
13%
MinnesotaEden Prarie
13%
LouisianaKenner
13%
TennesseeKingsport
13%
WashingtonKirkland
13%
New JerseyNew Brunswick
13%
WashingtonPasco
13%
North CarolinaRocky Mount
13%
MississippiSouthaven
13%
New JerseyVineland
13%
IowaAnkeny
12%
New JerseyBayonne
12%
LouisianaBossier
12%
VirginiaHarrisonburg
12%
New YorkHempstead
12%
VirginiaLeesburg
12%
OhioLorain
12%
MissouriO'Fallon
12%
ConnecticutWest Haven
12%
MichiganWyoming
12%
IllinoisArlington Heights
11%
IdahoCaldwell
11%
New JerseyEast Orange
11%
MinnesotaEdina
11%
GeorgiaJohns Creek
11%
MinnesotaMinnetonka
11%
KansasShawnee
11%
GeorgiaSmyrna
11%
MichiganTaylor
11%
ColoradoBroomfield
10%
New JerseyClifton
10%
OhioElyria
10%
MichiganFarmington Hills
10%
IndianaGreenwood
10%
UtahLehi
10%
WashingtonMarysville
10%
ConnecticutMeriden
10%
ConnecticutMilford
10%
MichiganRochester Hills
10%
UtahSouth Jordan
10%
MassachusettsWaltham
10%
MinnesotaApple Valley
9%
ArizonaCasa Grande
9%
ColoradoCastle Rock
9%
MinnesotaEagan
9%
TennesseeHendersonville
9%
UtahLayton
9%
MinnesotaMaple Grove
9%
OklahomaMidwest City
9%
MassachusettsTaunton
9%
IllinoisBolingbrook
8%
MinnesotaCoon Rapids
8%
MassachusettsHaverhill
8%
KansasLenexa
8%
MassachusettsMalden
8%
MichiganNovi
8%
MichiganSouthfield
8%
WisconsinWest Allis
8%
IndianaNoblesville
7%
IllinoisOrland Park
7%
New JerseyPerth Amboy
7%
OregonTigard
7%
New JerseyWest New York
7%
MinnesotaWoodbury
7%
MinnesotaBlaine
6%
MissouriBlue Springs
6%
MinnesotaBurnsville
6%
MassachusettsChicopee
6%
ColoradoCommerce City
6%
MissouriFlorissant
6%
OhioKettering
6%
MinnesotaLakeville
6%
IllinoisPalatine
6%
WashingtonSammamish
6%
MichiganWestland
6%
TennesseeBartlett
5%
North CarolinaHuntersville
5%
MichiganSt. Clair Shores
5%
ArizonaSuprise
5%
MassachusettsWeymouth Town
5%
GeorgiaBrookhaven
4%
UtahTaylorsville
4%
IllinoisStokie
2%
New JerseyWest Plainfield
2%
ColoradoParker Town
1%

Score Distribution

Percentile by Number Answered

Percent of People with Each Score

Your Score History

You have not taken this quiz